| 000 | 01522cam a2200241 4500500 | ||
|---|---|---|---|
| 005 | 20260322002447.0 | ||
| 041 | _afre | ||
| 042 | _adc | ||
| 100 | 1 | 0 |
_ade Guire Ouellet, Sophie _eauthor |
| 700 | 1 | 0 |
_aLetanneux, Alban _eauthor |
| 700 | 1 | 0 |
_aChampagne-Lavau, Maud _eauthor |
| 700 | 1 | 0 |
_aPinto, Serge _eauthor |
| 245 | 0 | 0 | _aLanguage and Speech in Parkinson’s Disease: Studies in Functional Neuro-Imaging |
| 260 | _c2012. | ||
| 500 | _a18 | ||
| 520 | _aMotor speech impairments are often present in movement disorders. Our aim in the current review is to present an overview of studies carried out in functional neuroimaging and assessing speech and language in Parkinson’s disease. The overall results lead us to consider the existence of “functional pathophysiologies” dependent on function: brain activation profiles imply specific compensatory recruitments that are driven either by the motoric nature itself or the activation deficits related to the pathology. The variety of methodologies used, the small number of patients studied and the non-homogenous therapeutic conditions still make it difficult to compare the listed studies. | ||
| 690 | _afunctional brain imaging | ||
| 690 | _alanguage | ||
| 690 | _aParkinson’s disease | ||
| 690 | _aspeech | ||
| 786 | 0 | _nRevue française de linguistique appliquée | XVII | 2 | 2012-12-01 | p. 19-31 | 1386-1204 | |
| 856 | 4 | 1 | _uhttps://shs.cairn.info/journal-revue-francaise-de-linguistique-appliquee-2012-2-page-19?lang=en&redirect-ssocas=7080 |
| 999 |
_c1723621 _d1723621 |
||